000 00468 a2200169 4500
005 20250613123653.0
020 _a978-0-07-328211-4
082 _a658.15 ROS
100 _aROSS. A. S.
245 _aFundamentals of Corporate Finance
250 _a8th Ed.
260 _aNew York,
_bMcGraw-Hill Irwin,
_c2008.
300 _axl,864p.:ill.;table,figures
_bAppendix, Index
_c25cm
700 _aWesterfield W. Randolph ,
700 _aJordan D. Bradford
942 _2ddc
_cBKS
999 _c3597
_d3597